| 000 | 00894nam#a22003015a#4500 | ||
|---|---|---|---|
| 001 | 744 | ||
| 008 | 080908s2008####ag#a###d#f####001#0#spa#d | ||
| 245 | 1 | 0 |
_aEstructuras regionales y sistemas productivos / _cAlejandro B. Rofman. |
| 250 | _a1ª ed. | ||
| 260 |
_aBuenos Aires : _bAique, _c2008. |
||
| 300 |
_a64 p. : _bil. ; _c24 cm. + _eSuplemento del libro Historia Argentina contemporánea (1852-199) |
||
| 490 | 0 | _aAique Polimodal | |
| 020 | _a9789507016950 | ||
| 100 | 1 | _aRofman, Alejandro B. | |
| 080 | _a91 | ||
| 084 | _aR72 | ||
| 653 | _aRegión pampeana | ||
| 653 | _aCircuito de la soja | ||
| 653 | _aCircuito del algodón | ||
| 653 | _aCircuitodel azúcar | ||
| 653 | _aCircuito de la vitivinicultura | ||
| 653 | _aCircuitos del petróleo | ||
| 653 | _aCircuitos del carbón | ||
| 040 |
_aAR-ClEAG _cAR-ClEAG |
||
| 005 | 20241107184645.0 | ||
| 003 | AR-ClEAG | ||
| 942 | _cBK | ||
| 999 |
_c744 _d744 |
||
| 980 |
_62 _aEvangelina Gallicchio _82 _gEvangelina Gallicchio |
||